| 000 | 00722nam a22001695i 4500 | ||
|---|---|---|---|
| 001 | 151603 | ||
| 003 | ES-MaACL | ||
| 005 | 20230906204302.0 | ||
| 008 | 940301s1869 sp |||| | spa d | ||
| 110 | 2 |
_aAteneo Artístico y Literario de Señoras de Madrid. _9141842 |
|
| 245 | 1 | 0 |
_aMemoria del Ateneo de Señoras : _bleída en Junta General celebrada el día 27 de julio de 1869 / _cpor Faustina Sáez de Melgar. |
| 260 |
_aMadrid : _b[s.n.], _c1869 ( _fRojas) |
||
| 300 |
_a29 p. ; _c20 cm. |
||
| 610 | 2 | 4 |
_aAteneo Artístico y Literario de Señoras de Madrid. _9141842 |
| 700 | 1 |
_aSaez de Melgar, Faustina. _9132272 |
|
| 852 | 4 |
_aES-MaACL _jT-105-F-7 _z- Enc. hol., falto de cub. original _z- Enc. en un vol. facticio |
|
| 999 |
_c151603 _d151603 |
||